[Event "Darek Jacek Zaucha"]
[Site "SchemingMind.com"]
[Date "2016.07.02"]
[Round "-"]
[White "Manfred Kraut"]
[Black "David Perna-Fraser"]
[Result "0-1"]
[WhiteCountry "GER"]
[BlackCountry "CAN"]
[WhiteElo "1458"]
[WhiteRD "66"]
[BlackElo "2357"]
[BlackRD "68"]
[GameID "401054"]

1. d4 Nf6 2. e3 e6 3. Bd3 b6 4. Nf3 Bb7 5. O-O Ne4 6. Nbd2 f5 7. Ne5 Qh4 8. g3 Qh3 9. Ndf3 g5 10. Bxe4 Bxe4
11. c4 Nc6 12. Nxc6 dxc6 13. a4 h5 14. Qb3 Bxf3
0-1

[Event "Darek Jacek Zaucha"]
[Site "SchemingMind.com"]
[Date "2016.07.21"]
[Round "-"]
[White "emvarela"]
[Black "ray winteringham"]
[Result "1-0"]
[WhiteCountry "ARG"]
[BlackCountry "ENG"]
[WhiteElo "1728"]
[WhiteRD "49"]
[BlackElo "1492"]
[BlackRD "50"]
[GameID "401702"]

1. e4 c5 2. Nf3 Nc6 3. d4 cxd4 4. Nxd4 e5 5. Nb5 a6 6. Nd6+ Bxd6 7. Qxd6 Qe7 8. Qxe7+ Ngxe7 9. c3 O-O 10. Bd3 h6
11. Be3 d6 12. Nd2 b5 13. b4 f6 14. O-O Bb7 15. f3 Rac8 16. a3 Nd8 17. c4 bxc4 18. Bxc4+ d5 19. exd5 Nxd5 20. Bxd5+ Bxd5
21. Bc5 Re8 22. Ne4 Bxe4 23. fxe4 Nf7 24. Rad1 Ng5 25. Rfe1 a5 26. h4 Ne6 27. Rc1 Nxc5 28. Rxc5 Rxc5 29. bxc5 Rc8 30. Rc1 Rc6
31. a4 Kf7 32. Kf2 g5 33. hxg5 fxg5 34. Ke3 Kg6 35. g4 h5 36. gxh5+ Kxh5 37. Kd3 g4 38. Kc4 g3 39. Kd5 Rg6 40. c6 Rg8
41. c7 Rc8 42. Kxe5 g2 43. Kd6 Kh4 44. Kd7 Rg8 45. c8=Q
1-0

[Event "Darek Jacek Zaucha"]
[Site "SchemingMind.com"]
[Date "2016.07.23"]
[Round "-"]
[White "ray winteringham"]
[Black "emvarela"]
[Result "0-1"]
[WhiteCountry "ENG"]
[BlackCountry "ARG"]
[WhiteElo "1492"]
[WhiteRD "50"]
[BlackElo "1728"]
[BlackRD "49"]
[GameID "401703"]

1. e4 e5 2. Nf3 Nc6 3. Nc3 Nf6 4. d3 Bb4 5. Bd2 Bxc3 6. Bxc3 d6 7. h3 O-O 8. Be2 Be6 9. O-O h6 10. Bd2 Nh7
11. c3 f5 12. exf5 Bxf5 13. Qc1 Qf6 14. a3 e4 15. dxe4 Bxe4 16. b4 Ne5 17. Be3 Bxf3 18. Bxf3 Nxf3+ 19. gxf3 Qxf3 20. Kh2 Ng5
21. Bxg5 hxg5 22. Qxg5 Rf5 23. Qg2 Qxg2+ 24. Kxg2 Raf8 25. Rae1 Rg5+ 26. Kh2 Rf3 27. Re3 Rgf5 28. Kg2 Rxe3 29. fxe3 Rxf1 30. Kxf1 g5
31. Kf2 Kg7 32. Kf3 Kf6 33. Ke4 c6 34. c4 Ke6 35. Kd4 b6 36. e4 c5+ 37. Kd3 Ke5 38. b5 Kf4 39. Ke2 Kxe4
0-1

[Event "Darek Jacek Zaucha"]
[Site "SchemingMind.com"]
[Date "2016.07.26"]
[Round "-"]
[White "spoke"]
[Black "Helga1946"]
[Result "0-1"]
[WhiteCountry "GER"]
[BlackCountry "GER"]
[WhiteElo "1760"]
[WhiteRD "76"]
[BlackElo "2311"]
[BlackRD "78"]
[GameID "401799"]

1. e4 e5 2. Nf3 Nf6 3. Nc3 Bb4 4. d3 Bxc3+ 5. bxc3 Qe7 6. Be2 h6 7. O-O d6 8. Re1 Nbd7 9. Bb2 O-O 10. h3 a6
11. Bf1 b5 12. d4 Bb7 13. d5 c6 14. c4 bxc4 15. Bxc4 Nc5 16. dxc6 Bxc6 17. Bd5 Qc7 18. c4 Ncxe4 19. Bxe4 Bxe4 20. Nd2 Bxg2
21. Kxg2 Qb7+ 22. Nf3 Qxb2 23. Re2 Qb4
0-1

[Event "Darek Jacek Zaucha"]
[Site "SchemingMind.com"]
[Date "2016.07.26"]
[Round "-"]
[White "Helga1946"]
[Black "spoke"]
[Result "1-0"]
[WhiteCountry "GER"]
[BlackCountry "GER"]
[WhiteElo "2311"]
[WhiteRD "78"]
[BlackElo "1760"]
[BlackRD "76"]
[GameID "401800"]

1. e4 e5 2. Nf3 Nc6 3. Bb5 Bb4 4. O-O Nge7 5. c3 Ba5 6. Bxc6 Nxc6 7. b4 Bb6 8. b5 Na5 9. Nxe5 d6 10. Nf3 Bg4
11. h3 Bh5 12. d4 O-O 13. Nbd2 Re8 14. Qc2 Qd7 15. a4 c6 16. Re1 Bxf3 17. bxc6 Qxc6 18. Nxf3 Nc4 19. Bf4 d5 20. exd5 Qxd5
21. Ng5 g6 22. Re4 Rxe4 23. Qxe4 Qxe4 24. Nxe4 Rc8 25. Rb1 Kg7 26. Kf1 f5 27. Nc5 Bxc5 28. Rxb7+ Kg8 29. dxc5 Rxc5 30. Rxa7
1-0

[Event "Darek Jacek Zaucha"]
[Site "SchemingMind.com"]
[Date "2016.08.05"]
[Round "-"]
[White "Karsten Kjeldsen"]
[Black "Mitch The Man"]
[Result "1-0"]
[WhiteCountry "DEN"]
[BlackCountry "USA"]
[WhiteElo "2238"]
[WhiteRD "96"]
[BlackElo "1445"]
[BlackRD "67"]
[GameID "402186"]

1. b3 e5 2. Bb2 Bd6 3. Nf3 Ne7 4. Nxe5 Bxe5 5. Bxe5 O-O 6. e3 Ng6 7. Bg3 d6 8. d4 Bf5 9. Nc3 c6 10. h4 Re8
11. h5 Ne7 12. h6 g6 13. Bh4 Qd7 14. d5 Nxd5 15. Qd4 f6 16. Bc4 Re7 17. Qxf6 Rf7 18. Nxd5 cxd5 19. Bxd5 Qe8 20. Qg7#
1-0

[Event "Darek Jacek Zaucha"]
[Site "SchemingMind.com"]
[Date "2016.08.05"]
[Round "-"]
[White "Mitch The Man"]
[Black "Karsten Kjeldsen"]
[Result "0-1"]
[WhiteCountry "USA"]
[BlackCountry "DEN"]
[WhiteElo "1445"]
[WhiteRD "67"]
[BlackElo "2238"]
[BlackRD "96"]
[GameID "402187"]

1. e4 c5 2. c4 Nc6 3. Nf3 Nf6 4. Bd3 d6 5. a3 Bg4 6. O-O g6 7. Qc2 Bxf3 8. gxf3 Nh5 9. Qd1 e6 10. Qa4 Nf4
11. Qb3 Qg5+
0-1

[Event "Darek Jacek Zaucha"]
[Site "SchemingMind.com"]
[Date "2016.09.09"]
[Round "-"]
[White "Karsten Kjeldsen"]
[Black "William Lindberg"]
[Result "1/2-1/2"]
[WhiteCountry "DEN"]
[BlackCountry "USA"]
[WhiteElo "2265"]
[WhiteRD "108"]
[BlackElo "2373"]
[BlackRD "72"]
[GameID "403543"]

1. e4 e5 2. Nf3 Nc6 3. Bb5 a6 4. Bxc6 bxc6 5. O-O d6 6. d4 exd4 7. Qxd4 c5 8. Qd3 Be7 9. Nc3 Nf6 10. e5 dxe5
11. Qxd8+ Bxd8 12. Re1 O-O 13. Nxe5 Re8 14. Bf4 Bf5 15. Nc6 Bxc2 16. Rxe8+ Nxe8 17. Re1 Bf6 18. Nd5 Bd3 19. Nxf6+ Nxf6 20. Bxc7 Nd5
21. Ba5 Bc4 22. Re5 Bxa2 23. Rxd5 Bxd5 24. Ne7+ Kf8 25. Nxd5 Rb8 26. Bc3 Rd8 27. Ne3 f5 28. h3 g6 29. g4 fxg4 30. hxg4 Kf7
31. f4 h5 32. gxh5 gxh5 33. f5 Rd3 34. Kf2 h4 35. Ng4 Rg3 36. Nh6+ Kf8 37. Be5 Rd3 38. Ke2 c4 39. Ng4 h3 40. Ne3 a5
41. Nxc4 Rd4 42. b3 a4 43. Kf2 Re4 44. Bd6+ Kg8 45. bxa4 Rxc4 46. Kg3 Rc3+ 47. Kh2 Kf7 48. a5 Kf6 49. a6 Rc2+ 50. Kxh3 Kxf5
51. a7=
1/2-1/2

[Event "Darek Jacek Zaucha"]
[Site "SchemingMind.com"]
[Date "2016.09.09"]
[Round "-"]
[White "William Lindberg"]
[Black "Karsten Kjeldsen"]
[Result "1/2-1/2"]
[WhiteCountry "USA"]
[BlackCountry "DEN"]
[WhiteElo "2373"]
[WhiteRD "72"]
[BlackElo "2265"]
[BlackRD "108"]
[GameID "403544"]

1. c4 Nf6 2. d4 e6 3. Nf3 Nc6 4. e3 d5 5. Nc3 Be7 6. a3 O-O 7. Qc2 b6 8. cxd5 exd5 9. Bd3 Bb7 10. O-O Nb8
11. e4 dxe4 12. Nxe4 Nbd7 13. Re1 c5 14. Bf4 Nxe4 15. Bxe4 Bxe4 16. Rxe4 Rc8 17. Qe2 Bf6 18. Rd1 cxd4 19. Nxd4 Nc5 20. Ne6 Qxd1+
21. Qxd1 Nxe6 22. Bc1 Rc7 23. Re2 Rd8 24. Qf1 Nc5 25. g3 Nd3 26. Bf4 Nxf4 27. gxf4 g6 28. Qe1 Rd4 29. f5 Kg7 30. fxg6 hxg6
31. Rd2 Rh4 32. b3 Rc5 33. Rd3 Rg5+ 34. Rg3 Rf5 35. Rd3 Rg4+ 36. Kh1 Rgf4 37. f3 Rxf3 38. Rxf3 Rxf3 39. Qd1 Rc3 40. Kg2 Be5=
41. a4 Bf6 42. h3 Rc8 43. Qd5 Rd8 44. Qe4 Rd2+ 45. Kf3 a5 46. Qe3=
1/2-1/2

[Event "Darek Jacek Zaucha"]
[Site "SchemingMind.com"]
[Date "2016.09.26"]
[Round "-"]
[White "frankly"]
[Black "chesshub"]
[Result "0-1"]
[WhiteCountry "ENG"]
[BlackCountry "FRA"]
[WhiteElo "2504"]
[WhiteRD "58"]
[BlackElo "2568"]
[BlackRD "81"]
[GameID "404070"]

1. e4 c6 2. d4 d5 3. Nc3 dxe4 4. Nxe4 Bf5 5. Ng3 Bg6 6. Bc4 e6 7. N1e2 Bd6 8. h4 h6 9. Nf4 Bxf4 10. Bxf4 Nf6
11. Qe2 O-O 12. O-O-O Nbd7 13. Bd3 Bxd3 14. Qxd3 a5 15. Ne2 Re8 16. g4 Nxg4 17. Rdg1 h5 18. Bg5 Qb6 19. Qg3 g6 20. f3 Ngf6
21. Bxf6 Nxf6 22. Qe5 Qd8 23. Nf4 Kh7 24. Rg5 Nd7 25. Qe3 a4 26. Nxh5 a3 27. b3 f6 28. Nxf6+ Qxf6 29. h5 Re7 30. Rxg6 Qf8
31. Rhg1 Ra5 32. h6 Rf5 33. Rg7+ Kh8 34. Qd2 b5 35. Qg2 Nf6 36. Rg6 Kh7 37. Rg7+ Rxg7 38. hxg7 Qf7 39. f4 Kg8 40. Qxc6 Ne8
41. Qa8 Rxf4 42. Qxa3 Rxd4 43. Qa8 Rf4 44. Qc8 b4 45. Qb8 Rf1+ 46. Rxf1 Qxf1+ 47. Kd2 Qf2+ 48. Kd3 Qf5+ 49. Kd2 Qg5+ 50. Kd3 Qe7
51. Kc4 e5 52. Qxb4 Qxb4+ 53. Kxb4 Kxg7 54. Kc3 Kg6 55. Kd2 e4
0-1

[Event "Darek Jacek Zaucha"]
[Site "SchemingMind.com"]
[Date "2016.09.26"]
[Round "-"]
[White "chesshub"]
[Black "frankly"]
[Result "1/2-1/2"]
[WhiteCountry "FRA"]
[BlackCountry "ENG"]
[WhiteElo "2553"]
[WhiteRD "76"]
[BlackElo "2509"]
[BlackRD "60"]
[GameID "404071"]

1. c4 Nf6 2. Nf3 g6 3. Nc3 Bg7 4. e4 d6 5. d4 O-O 6. Be2 e5 7. O-O Na6 8. Be3 Ng4 9. Bg5 Qe8 10. h3 h6
11. Bh4 Nf6 12. Bxf6 Bxf6 13. c5 Bg7 14. Bxa6 bxa6 15. Nd5 exd4 16. Nxc7 Qxe4 17. Nxa8 Qxa8 18. Rc1 dxc5 19. Rxc5 Be6 20. b3 Rd8
21. Qd3 Bd5 22. Re1 Qb7 23. Rec1 Be4 24. Qc4 Bxf3 25. Rc8 Rf8 26. Rxf8+ Bxf8 27. gxf3 Qxf3 28. Qxd4 Qxh3 29. Rc7 Qf3 30. Rd7 Qf5
31. Rxa7 Qg5+ 32. Kh1 Qh5+ 33. Kg2 Qg5+ 34. Kf1 Qc1+ 35. Ke2 Qc2+ 36. Qd2 Qe4+=
1/2-1/2

[Event "Darek Jacek Zaucha"]
[Site "SchemingMind.com"]
[Date "2016.09.28"]
[Round "-"]
[White "Wojciech  Langer"]
[Black "Quaff"]
[Result "1/2-1/2"]
[WhiteCountry "INT"]
[BlackCountry "ENG"]
[WhiteElo "1731"]
[WhiteRD "81"]
[BlackElo "1606"]
[BlackRD "69"]
[GameID "404279"]

1. Nf3 d5 2. g3 h6 3. Bg2 e6 4. O-O Nc6 5. Re1 Nf6 6. d3 Be7 7. Nbd2 Bd7 8. Nb3 O-O 9. c3 Nh7 10. Qc2 Bg5
11. Bxg5 Nxg5 12. Rad1 Nxf3+ 13. Bxf3 Ne5 14. Bg2 Rb8 15. e4 dxe4 16. dxe4 Qe7 17. Nd2 Bc6 18. Nf3 Nxf3+ 19. Bxf3 Rbd8 20. Re2 Rxd1+
21. Qxd1 Rd8 22. Rd2 Rxd2 23. Qxd2 Kf8 24. Kf1 Ke8 25. b3 Qd7 26. Ke2 a6 27. a4 b6 28. Qd4 Qxd4 29. cxd4 Bb7 30. Ke3 c6
31. h4 Ke7 32. e5 Ba8 33. Be2 Bb7 34. f4 a5 35. g4 g6 36. Bd3 Bc8 37. Bc4 Bd7 38. Kd3 Bc8 39. Ke3=
1/2-1/2

[Event "Darek Jacek Zaucha"]
[Site "SchemingMind.com"]
[Date "2016.09.28"]
[Round "-"]
[White "Quaff"]
[Black "Wojciech  Langer"]
[Result "0-1"]
[WhiteCountry "ENG"]
[BlackCountry "INT"]
[WhiteElo "1606"]
[WhiteRD "69"]
[BlackElo "1731"]
[BlackRD "81"]
[GameID "404280"]

1. e4 c5 2. f4 d5 3. e5 Bf5 4. Nf3 Qb6 5. Nc3 e6 6. Bb5+ Nc6 7. O-O Be7 8. Kh1 O-O-O 9. Bxc6 Qxc6 10. d3 Nh6
11. h3 f6 12. Bd2 Nf7 13. exf6 Bxf6 14. Rb1 d4 15. Ne2 Rdg8 16. Ng3 g5 17. Nxf5 exf5 18. fxg5 Nxg5 19. Nxg5 h6 20. Rxf5 hxg5
21. Qf3 Qxf3 22. Rxf3 Bd8 23. g4 Re8 24. Rbf1 Re2 25. R1f2 Rxf2 26. Rxf2 Rxh3+ 27. Kg2 Rh4 28. Kf3 Kd7 29. Rg2 Rh7 30. a3 b6
31. Be1 Bc7 32. Bg3 Rf7+ 33. Ke2 Bxg3 34. Rxg3 Rf4 35. b3 b5 36. Rg2 Ke7 37. a4 bxa4 38. bxa4 a5 39. Kd2 Kd6 40. Ke2 Kd5
41. Kd2 c4 42. dxc4+ Kxc4 43. c3 dxc3+ 44. Kc2 Rd4 45. Kc1 Kb3 46. Rg3 Rxa4
0-1

[Event "Darek Jacek Zaucha"]
[Site "SchemingMind.com"]
[Date "2016.10.23"]
[Round "-"]
[White "emvarela"]
[Black "Robert Bruce"]
[Result "0-1"]
[WhiteCountry "ARG"]
[BlackCountry "SCO"]
[WhiteElo "1710"]
[WhiteRD "54"]
[BlackElo "2334"]
[BlackRD "65"]
[GameID "405324"]

1. e4 c6 2. d4 d5 3. exd5 cxd5 4. c4 Nf6 5. Nc3 Nc6 6. Bg5 dxc4 7. Bxf6 exf6 8. Bxc4 Qxd4 9. Qxd4 Nxd4 10. O-O-O Bc5
11. Nb5 Nxb5 12. Bxb5+ Ke7 13. Rd2 Be6 14. Nf3 Rhd8 15. Rhd1 Bxa2 16. Rxd8 Rxd8 17. Re1+ Kf8 18. Re2 Rc8
0-1

[Event "Darek Jacek Zaucha"]
[Site "SchemingMind.com"]
[Date "2016.11.27"]
[Round "-"]
[White "Wojciech  Langer"]
[Black "David Perna-Fraser"]
[Result "0-1"]
[WhiteCountry "INT"]
[BlackCountry "CAN"]
[WhiteElo "1734"]
[WhiteRD "85"]
[BlackElo "2323"]
[BlackRD "72"]
[GameID "406898"]

1. g3 Nf6 2. Bg2 e6 3. Nf3 Be7 4. Rf1 O-O 5. d3 Nc6 6. e4 d5 7. exd5 exd5 8. Bd2 Re8 9. c3 Ba3+ 10. Be3 Bxb2
11. Nbd2 Bxc3
0-1

[Event "Darek Jacek Zaucha"]
[Site "SchemingMind.com"]
[Date "2016.11.26"]
[Round "-"]
[White "David Perna-Fraser"]
[Black "Wojciech  Langer"]
[Result "1-0"]
[WhiteCountry "CAN"]
[BlackCountry "INT"]
[WhiteElo "2323"]
[WhiteRD "72"]
[BlackElo "1734"]
[BlackRD "85"]
[GameID "406899"]

1. e4 e5 2. Nf3 Nc6 3. Bc4 Nf6 4. Ng5 d5 5. exd5 Na5 6. Bb5+ Bd7 7. Qe2 a6 8. Bxd7+ Qxd7 9. c4 Bc5 10. d3 O-O-O
11. O-O h6 12. Nf3 Bd4 13. Nxd4 exd4 14. b4 Rde8 15. Qf3 Nxc4 16. dxc4 Re4 17. Nd2 Re5 18. Nb3 Qa4 19. Nxd4 Qxb4 20. Bf4
1-0

[Event "Darek Jacek Zaucha"]
[Site "SchemingMind.com"]
[Date "2016.12.29"]
[Round "-"]
[White "Robert Bruce"]
[Black "William Lindberg"]
[Result "0-1"]
[WhiteCountry "SCO"]
[BlackCountry "USA"]
[WhiteElo "2355"]
[WhiteRD "65"]
[BlackElo "2424"]
[BlackRD "70"]
[GameID "408529"]

1. d4 d5 2. Nf3 e6 3. c4 Nf6 4. g3 Bb4+ 5. Bd2 Be7 6. Bg2 O-O 7. O-O Nbd7 8. Qb3 a5 9. Qd3 c6 10. Rc1 b6
11. cxd5 Ba6 12. Qc2 cxd5 13. Qd1 Rc8 14. Nc3 b5 15. a3 Qb6 16. Bg5 b4 17. Na4 Rxc1 18. Rxc1 Qa7 19. axb4 axb4 20. e3 Bb5
21. b3 Bd6 22. Nd2 h6 23. Bxf6 Nxf6 24. Bh3 Ra8 25. Bg2 g6 26. Bh3 Kg7 27. Bg2 h5 28. Qc2 h4 29. gxh4 Bxa4 30. bxa4 Qxa4
31. Qxa4 Rxa4 32. Bf3 Ra2 33. Rd1 Rb2 34. Be2 b3 35. Bd3 Bb4 36. Nf1 Ne4 37. Bxe4 dxe4 38. Kg2 Rc2 39. Rb1 b2 40. Ng3 f5
41. h5 Bc3 42. hxg6 Kxg6 43. h4 Rc1 44. Rxb2 Bxb2 45. Ne2 Rc2 46. Nf4+ Kf7 47. h5 e5 48. dxe5 Bxe5 49. Nd5 Ke6 50. Nb4 Rc8
51. h6 Rh8 52. Na2 Rxh6 53. Nb4 Rh2+ 54. Kg1 Rh8 55. Nc6 Kd6 56. Nb4 Rb8 57. Nc2 Rb2 58. Ne1 Rb1 59. f3 Rxe1+ 60. Kf2 Bc3
61. Kg2 Bd2 62. fxe4 fxe4 63. Kf2 Ke5 64. Kg2 Bxe3 65. Kg3 Rf1 66. Kg2 Rf8 67. Kg3 Bc1 68. Kg2 e3 69. Kg3 e2 70. Kh3 Rg8
71. Kh2 e1=Q 72. Kh3 Qh1#
0-1

[Event "Darek Jacek Zaucha"]
[Site "SchemingMind.com"]
[Date "2016.12.29"]
[Round "-"]
[White "William Lindberg"]
[Black "Robert Bruce"]
[Result "1-0"]
[WhiteCountry "USA"]
[BlackCountry "SCO"]
[WhiteElo "2408"]
[WhiteRD "71"]
[BlackElo "2344"]
[BlackRD "63"]
[GameID "408530"]

1. d4 d6 2. Nf3 Bg4 3. e4 c6 4. h3 Bxf3 5. Qxf3 e6 6. Be3 d5 7. Nd2 Nd7 8. O-O-O dxe4 9. Nxe4 Be7 10. Bf4 Ngf6
11. Nd6+ Bxd6 12. Bxd6 Nf8 13. Ba3 Ng6 14. Bd3 Qd5 15. Qg3 Qa5 16. Kb1 O-O-O 17. c3 Qc7 18. Rhf1 Rhe8 19. f4 Nd5 20. c4 Ndxf4
21. Bxg6 Nxg6 22. Qxc7+ Kxc7 23. Rxf7+ Rd7 24. Rxd7+ Kxd7 25. Rf1 e5 26. Rf7+ Kc8 27. Bd6 exd4 28. Rc7+ Kd8 29. Rxg7 Nh4 30. Rxb7 Re2
31. Bc7+ Ke8 32. Rb8+ Kf7 33. g4 d3 34. Ba5 Rf2 35. a3 Rd2 36. Bxd2
1-0

[Event "Darek Jacek Zaucha"]
[Site "SchemingMind.com"]
[Date "2017.01.30"]
[Round "-"]
[White "Helga1946"]
[Black "chesshub"]
[Result "0-1"]
[WhiteCountry "GER"]
[BlackCountry "FRA"]
[WhiteElo "2192"]
[WhiteRD "74"]
[BlackElo "2638"]
[BlackRD "81"]
[GameID "409760"]

1. Nf3 Nf6 2. d4 d5 3. Bf4 c5 4. dxc5 Nc6 5. e3 e6 6. c4 Bxc5 7. a3 O-O 8. Nc3 Re8 9. Be2 e5 10. Bg5 d4
11. Bxf6 Qxf6 12. Ne4 Qe7 13. b4 Bb6 14. c5 Bc7 15. O-O Be6 16. Qc2 h6 17. Rad1 f5 18. Ng3 d3 19. Qxd3 e4 20. Nxe4 fxe4
21. Qxe4 Qf7 22. Rd2 Rad8 23. Rxd8= Rxd8 24. Qc2 a6 25. Rd1 Kf8 26. Rxd8+= Bxd8 27. Bd3 Bb3 28. Qb1 Ba2 29. Qc1 Qb3 30. Be4 Bf6
31. Nd4 Nxd4 32. exd4= Qc4 33. Qxc4 Bxc4 34. Bxb7 Bxd4 35. c6 Bb6 36. g3 Ke7 37. Kg2 Kd6 38. f4 Bd4 39. g4 Bb2 40. a4 Bc3
41. b5 a5 42. Kf3 Kc7 43. Ba6 Bd5+ 44. Kf2 Bb3 45. b6+ Kxb6 46. Bb5 g5 47. Ke3 Bd5 48. Kd3 Ba1 49. c7 Kxc7 50. Ke3 Kb6
51. h3 Kc5 52. fxg5 hxg5 53. Bd7 Bc6
0-1

[Event "Darek Jacek Zaucha"]
[Site "SchemingMind.com"]
[Date "2017.01.30"]
[Round "-"]
[White "chesshub"]
[Black "Helga1946"]
[Result "1-0"]
[WhiteCountry "FRA"]
[BlackCountry "GER"]
[WhiteElo "2638"]
[WhiteRD "81"]
[BlackElo "2192"]
[BlackRD "74"]
[GameID "409761"]

1. d4 Nf6 2. c4 e6 3. Nf3 b6 4. g3 Ba6 5. b3 h6 6. Bg2 Bb7 7. O-O Be7 8. Nc3 Bb4 9. Bb2 Bxc3 10. Bxc3 d6
11. d5 e5 12. Nh4 O-O 13. f4 Nbd7 14. e4 Bc8 15. Qf3 Qe8 16. Nf5 Kh7 17. Rae1 Ng8 18. Qg4 g6 19. Nh4 Ne7 20. Qe2 Ng8
21. Nf3 f6 22. Bd2 Nc5= 23. b4 Nb7 24. a3 Rf7 25. f5 g5 26. Kf2 a5 27. Ra1 Re7 28. h4 Kg7 29. Nh2 Kf8 30. Bf3 Rg7
31. Rh1 Qa4 32. Rac1 axb4 33. axb4 Ke7 34. Ng4 Qa2 35. Nxh6 Nxh6 36. hxg5 Nf7 37. gxf6+ Kxf6 38. Ke1 Ke7 39. Qh2 Ke8 40. f6 Rg8
41. Qh7 Rf8 42. Qg7 Bf5 43. exf5 Ra3 44. Be2 Qb3 45. Rh3 Ra2 46. Rd1 Nbd8 47. Rh4 Kd7 48. c5 Ra3 49. cxb6 Qxg3+ 50. Qxg3 Rxg3
51. Bb5+
1-0

[Event "Darek Jacek Zaucha"]
[Site "SchemingMind.com"]
[Date "2017.05.16"]
[Round "-"]
[White "David Perna-Fraser"]
[Black "chesshub"]
[Result "0-1"]
[WhiteCountry "CAN"]
[BlackCountry "FRA"]
[WhiteElo "2154"]
[WhiteRD "78"]
[BlackElo "2623"]
[BlackRD "78"]
[GameID "414005"]

1. d4 Nf6 2. c4 e6 3. Nc3 Bb4 4. g3 O-O 5. Bg2 d5 6. cxd5 exd5 7. e3 c6 8. Ne2 Re8 9. O-O Bf8 10. Qc2 a5
11. a3 Nbd7 12. b3 h6 13. f3 b5 14. Bd2 Nb6 15. e4 dxe4 16. fxe4 b4 17. axb4 axb4 18. Rxa8 Nxa8 19. Na4 Nb6 20. Qxc6 Re6
21. Qc2 Ba6 22. Be3 Nxa4 23. bxa4 b3 24. Qd2 Nxe4 25. Bxe4 Rxe4 26. Rf4 b2 27. Nc3 Rxf4 28. Bxf4 Bb4 29. Qxb2 Qxd4+ 30. Kg2 Bxc3
31. Qb8+ Kh7 32. Qb1+ Bd3
0-1

[Event "Darek Jacek Zaucha"]
[Site "SchemingMind.com"]
[Date "2017.05.16"]
[Round "-"]
[White "chesshub"]
[Black "David Perna-Fraser"]
[Result "1-0"]
[WhiteCountry "FRA"]
[BlackCountry "CAN"]
[WhiteElo "2623"]
[WhiteRD "78"]
[BlackElo "2154"]
[BlackRD "78"]
[GameID "414006"]

1. e4 c5 2. Nf3 Nc6 3. d4 cxd4 4. Nxd4 e5 5. Nb5 d6 6. N1c3 a6 7. Na3 b5 8. Nd5 Nf6 9. Bg5 Be7 10. Bxf6 Bxf6
11. c3 O-O 12. Nc2 Bg5 13. a4 bxa4 14. Rxa4 a5 15. Bc4 Rb8 16. b3 Ne7 17. Nce3 Bd7 18. Nxe7+ Qxe7 19. Nd5 Qd8 20. Ra2 Kh8
21. Qd3 f5 22. O-O fxe4 23. Qxe4 Bc6 24. Rfa1 a4 25. bxa4 Qa5 26. Bd3 g6 27. Bb5 Bxb5 28. axb5 Qxb5 29. h4 Bd8 30. h5 Qc5
31. hxg6 hxg6 32. Ne3 Kg7 33. Ra7+ Rf7 34. Rxf7+ Kxf7 35. Qf3+
1-0

[Event "Darek Jacek Zaucha"]
[Site "SchemingMind.com"]
[Date "2017.09.03"]
[Round "-"]
[White "William Lindberg"]
[Black "chesshub"]
[Result "1/2-1/2"]
[WhiteCountry "USA"]
[BlackCountry "FRA"]
[WhiteElo "2451"]
[WhiteRD "71"]
[BlackElo "2600"]
[BlackRD "79"]
[GameID "417873"]

1. e4 e5 2. Nf3 Nf6 3. Nxe5 d6 4. Nf3 Nxe4 5. d4 d5 6. Bd3 Nc6 7. O-O Be7 8. c4 Nb4 9. Be2 O-O 10. Nc3 Bf5
11. a3 Nxc3 12. bxc3 Nc6 13. Re1 Re8 14. Bf4 dxc4 15. Bxc4 Bd6 16. Rxe8+ Qxe8 17. Bxd6 cxd6 18. Qa4 Qd7 19. Re1 d5 20. Bb5 Rc8
21. Ne5 Qe7 22. Nd3 Qc7 23. Bxc6 Qxc6 24. Qxc6 bxc6 25. Nb4 h5 26. Na6 Kf8 27. f3 Bd3 28. Nc5 Bf5 29. a4 Rb8 30. Re5 g6
31. Kf2 f6 32. Re3 g5 33. Re1 Kf7 34. Re3 g4 35. Kg3 a5 36. fxg4 hxg4 37. Kf4 Bc8 38. h3 Rb2 39. hxg4 Rxg2 40. Rg3 Rf2+
41. Rf3 Rg2 42. Rg3=
1/2-1/2

[Event "Darek Jacek Zaucha"]
[Site "SchemingMind.com"]
[Date "2017.09.03"]
[Round "-"]
[White "chesshub"]
[Black "William Lindberg"]
[Result "1-0"]
[WhiteCountry "FRA"]
[BlackCountry "USA"]
[WhiteElo "2609"]
[WhiteRD "81"]
[BlackElo "2415"]
[BlackRD "71"]
[GameID "417874"]

1. d4 Nf6 2. c4 e6 3. Nf3 Bb4+ 4. Nbd2 b6 5. a3 Bxd2+ 6. Qxd2 O-O 7. e3 Bb7 8. Be2 h6 9. O-O a5 10. b3 d6
11. Qc3 Nbd7 12. Bb2 Ne4 13. Qc2 c5 14. Rfd1 f5 15. b4 axb4 16. axb4 Rxa1 17. Rxa1 cxb4 18. Qb3 Nc3 19. Bxc3 bxc3 20. Qxc3 Qc7
21. Qb4 Rc8 22. Nd2 Ra8 23. Rb1 Kh8 24. h3 Kg8 25. Qb3 Qd8 26. Bf3 Bxf3 27. Nxf3 Kf7 28. Qd3 Qf6 29. Qb3 Qd8 30. Qd3 Qf6
31. Rd1 g5 32. Nd2 Ke7 33. Nf1 Qg6 34. Ng3 Kf6 35. Re1 Ra7 36. Qc3 f4 37. exf4 gxf4 38. Ne4+ Kg7 39. Nxd6 Nf8 40. Qf3 Kg8
41. Qxf4 Rg7 42. g3 Qg5 43. Qf3 Qa5 44. Re4 Qa8 45. Qf6 Qa7 46. Ne8 Rg6 47. Qd8 Qf7 48. Kf1 Rg5 49. Rf4 Rf5 50. Nd6 Qh5
51. Nxf5 exf5 52. Qd5+ Qf7 53. Rxf5 Qxd5 54. Rxd5 Ne6 55. Ke2 Kf7 56. Ke3 Ke7 57. Re5 Kd7 58. Rxe6 Kxe6 59. Ke4 h5 60. f4 Kd7
61. Ke5 Kc6 62. f5
1-0